000 00633cab a2200217 4500
001 ABS53630
008 090401t1995 xxu||||| |||| 00| 0 eng d
035 _a(Sirsi) u5460
041 _aeng
245 _aFacilities management
260 _c1995
350 _a0
490 _aProperty Week
_v52(13) 28 September 1995, 31-63(21)
520 _aThis supplement on facilities management includes several case studies of major companies and their FM strategies.
650 _aCCT
650 _aFACILITIES MANAGEMENT
_96240
650 _aTUPE
690 _aOFFICE SERVICES AND ADMINISTRATION
942 _n0
948 _c04/03/1997
999 _c3250
_d3250